Phenomenology and ontology (Record no. 123277)
[ view plain ]
| 000 -LEADER | |
|---|---|
| fixed length control field | 00867cam a2200301 4500 |
| 001 - CONTROL NUMBER | |
| control field | 1822753 |
| 003 - CONTROL NUMBER IDENTIFIER | |
| control field | ARRUPE |
| 005 - DATE AND TIME OF LATEST TRANSACTION | |
| control field | 20150908115559.0 |
| 008 - FIXED-LENGTH DATA ELEMENTS--GENERAL INFORMATION | |
| fixed length control field | 710603s1970 ne b 000 0 eng |
| 010 ## - LIBRARY OF CONGRESS CONTROL NUMBER | |
| LC control number | 79562859 |
| 015 ## - NATIONAL BIBLIOGRAPHY NUMBER | |
| National bibliography number | Ne*** |
| 020 ## - INTERNATIONAL STANDARD BOOK NUMBER | |
| International Standard Book Number | 9024750539 |
| 040 ## - CATALOGING SOURCE | |
| Original cataloging agency | DLC |
| Transcribing agency | DLC |
| Modifying agency | DLC |
| 050 00 - LIBRARY OF CONGRESS CALL NUMBER | |
| Classification number | B829.5 |
| Item number | .M63 |
| 082 00 - DEWEY DECIMAL CLASSIFICATION NUMBER | |
| Classification number | 111/.08 |
| 300 ## - PHYSICAL DESCRIPTION | |
| Dimensions | 24 cm. |
| 100 1# - MAIN ENTRY--PERSONAL NAME | |
| Personal name | Mohanty, J. N. |
| Fuller form of name | (Jitendra Nath), |
| Dates associated with a name | 1928- |
| 9 (RLIN) | 19445 |
| 245 10 - TITLE STATEMENT | |
| Title | Phenomenology and ontology |
| Statement of responsibility, etc | J. N. Mohanty. |
| 260 ## - PUBLICATION, DISTRIBUTION, ETC. (IMPRINT) | |
| Place of publication, distribution, etc | Den Haag, |
| Name of publisher, distributor, etc | Martinus Nijhoff, |
| Date of publication, distribution, etc | 1970. |
| 300 ## - PHYSICAL DESCRIPTION | |
| Extent | 219 p. |
| 350 ## - PRICE (NR) (BK AM CF MU VM SE) [OBSOLETE] | |
| Price | fl31.50 |
| 440 #0 - SERIES STATEMENT/ADDED ENTRY--TITLE | |
| Title | Phaenomenologica, |
| Volume number/sequential designation | 37 |
| 9 (RLIN) | 19446 |
| 504 ## - BIBLIOGRAPHY, ETC. NOTE | |
| Bibliography, etc | Includes bibliographical references. |
| 650 #0 - SUBJECT ADDED ENTRY--TOPICAL TERM | |
| Topical term or geographic name as entry element | Phenomenology. |
| 9 (RLIN) | 19447 |
| 650 #0 - SUBJECT ADDED ENTRY--TOPICAL TERM | |
| Topical term or geographic name as entry element | Analysis (Philosophy) |
| 9 (RLIN) | 19448 |
| 650 #0 - SUBJECT ADDED ENTRY--TOPICAL TERM | |
| Topical term or geographic name as entry element | Nyaya. |
| 9 (RLIN) | 19449 |
| 906 ## - LOCAL DATA ELEMENT F, LDF (RLIN) | |
| a | 7 |
| b | cbc |
| c | orignew |
| d | 4 |
| e | ncip |
| f | 19 |
| g | y-gencatlg |
| 942 ## - ADDED ENTRY ELEMENTS (KOHA) | |
| Source of classification or shelving scheme | Library of Congress Classification |
| Koha item type | Monograph ( Printed materials) |
| Withdrawn status | Lost status | Source of classification or shelving scheme | Damaged status | Not for loan | Collection code | Home library | Current library | Shelving location | Date acquired | Total Checkouts | Full call number | Barcode | Date last seen | Price effective from | Koha item type |
|---|---|---|---|---|---|---|---|---|---|---|---|---|---|---|---|
| Library of Congress Classification | Main Collection | ARRUPE LIBRARY | ARRUPE LIBRARY | Main Collection | 08/09/2015 | B829.5 .M63 | 46500003941 | 08/09/2015 | 08/09/2015 | Monograph ( Printed materials) |